| 000 | 00572cam a2200241ua 4500 | ||
|---|---|---|---|
| 020 | _c40.00 | ||
| 041 |
_aeng _h |
||
| 082 |
_a620.1 _bPRA/TE |
||
| 100 | _aPrasad, I B . | ||
| 245 |
_aText book of applied mechanics / _cI B Prasad. _hTextual Documents |
||
| 250 |
_a11 / _b. |
||
| 260 |
_aDelhi : _bKhanna publishers , _c1986. |
||
| 300 | _a916 ; . | ||
| 365 | _a40.00 | ||
| 504 | _a | ||
| 942 | _cBK | ||
| 999 |
_c11030 _d11030 |
||